000 00325nam a2200133Ia 4500
008 231129s1971||||xx |||||||||||||| ||spa||
040 _bspa
082 _a150.1952 L129
100 _aLacan Jacques
245 0 _aLectura estructuralista de Freud
260 _c1971
264 _aSiglo Veintiuno Editores
942 _2ddc
_cBKS
999 _c19074
_d19074